British Culture #2 - Statistics

General Stats
  • This quiz has been taken 147 times
  • The average score is 7 of 10
Answer Stats
Question Answer % Correct
For which meal of the day would you be most likely to have ‘A Full English’? Breakfast
97%
Who, in 1979, became Britain’s first female Prime Minister? Margaret Thatcher
96%
Mick Jagger & Keith Richards were founder members of which group? The Rolling Stones
87%
Which legendary character led the ‘Merry Men’ and wooed Maid Marian? Robin Hood
79%
Who won the Men’s Singles title at Wimbledon in 2013 and 2016? Andy Murray
76%
Which island is separated from mainland England by The Solent? The Isle of Wight
75%
Which character, created by Enid Blyton, was best friends with Big Ears? Noddy
45%
In the acronym HMRC, what does the ‘R’ stand for? Revenue
45%
Which 19th century ship has been in dry dock in Greenwich since 1954? The Cutty Sark
42%
Which 1960s TV show featured the organisation International Rescue? Thunderbirds
35%
No matching quizzes found
Score Distribution
Percent of People with Each Score
Percentile by Number Answered
Your Score History
You have not taken this quiz